[Geometry Dash] Nine Circles Levels - Statistics

General Stats
  • This quiz has been taken 33 times
  • The average score is 13 of 36
Answer Stats
Creator Difficulty Level % Correct
Zobros Hard Demon Nine Circles
100%
Cyclic Extreme Demon Sonic Wave
82%
ZenthicAlpha Hard Demon Jawbreaker
79%
Andromeda Insane Demon Poltergeist
75%
Nick24 Extreme Demon Sakupen Circles
75%
mkComic Hard Demon Fairydust
71%
Dhafin Easy Demon Problematic
68%
Nacho21 Easy Demon Retro Circles
61%
iIiRulasiIi Easy Demon Ultra Paracosm
54%
Cyrillic Impossible Silent Circles
50%
GXQ Extreme Demon Defeated Circles
43%
Renn241 Extreme Demon Subsuming Vortex
39%
Spectruh Extreme Demon Down Bass
36%
startor Easy Demon infinite circles
36%
N1XO Medium Demon Paracosm Circles
32%
Linear Extreme Demon Solar Flare
32%
IcEDCave Extreme Demon Cat Planet
29%
RedUniverse Insane Demon Crimson Clutter
25%
Metalface221 Extreme Demon Arctic Lights
21%
Minesap Hard Demon Astronaut 13
21%
zander12 Extreme Demon Centipede
21%
SyQual Extreme Demon The Hallucination
21%
AEDEN Impossible Azure Flare
18%
iIiViRuZiIi Extreme Demon Hyper Paracosm
18%
Viprin Insane Demon Nine CircleX
18%
Dorami Insane Demon Sine Wavs
18%
EndLevel Extreme Demon Aerial Gleam
14%
EndLevel Extreme Demon Aquatic Auroras
14%
Temp Extreme Demon Balengu Vortex
14%
Pennutoh Extreme Demon Bausha Vortex
14%
Rustam Medium Demon Nine Circles XII
14%
hhuuko Extreme Demon silent silhouette
14%
softable Medium Demon The Realistic
14%
Metalface221 Insane Demon Apollo 13
7%
GammaReXx Extreme Demon Natural Disaster
7%
Hakkou Hard Demon Classical
4%
No matching quizzes found
Score Distribution
Percent of People with Each Score
Percentile by Number Answered
Your Score History
You have not taken this quiz